000 00445nam a22001697a 4500
003 MPLRDC
005 20220104114130.0
008 210129b ||||| |||| 00| 0 eng d
082 _a987.32 SXW
100 _a中国人民政治协商会议全国委员会文史资料研
245 _a舒绣文
_c
250 _a一版一刷
260 _a
_b中国文史出版社
_c1986
300 _b
650 _a电影--演员
942 _cBK
_o987.32 SXW
999 _c5074
_d5064